Kirgisistan-Quiz - Statistiken

Allgemein
  • Dieses Quiz wurde 1.835 mal gespielt
  • Das Durchschnittsergebnis liegt bei 11 aus 20
Antwortstatistiken
Frage Antwort % Korrekt
Nachbarland Kasachstan
95%
Nachbarland Tadschikistan
94%
Nachbarland Usbekistan
94%
Nachbarland China
91%
Meistgesprochene Sprache nach Kirgisisch Russisch
89%
Religion, die von 88% der Bevölkerung ausgeübt wird Islam
84%
Ehemaliges Land, von dem Kirgisistan 1991 unabhängig wurde Sowjetunion
79%
Hauptstadt von Kirgisistan Bischkek
74%
Kirgisistan ist vom ____ am weitesten entfernt als alle anderen Ländern Meer
57%
Metall, das 43% der Exporte Kirgisistans ausmacht Gold
54%
Massenaufstand von 2005, der zur Herabsetzung des Präsidenten Askar Akajew führte (Tipp: eine Blume) {Tulpen}revolution
44%
Traditionelles Zelt der Nomaden, das auf der Flagge abgebildet ist Jurte
38%
In der Region um Arslanbob befindet sich der größte Wald dieser Nussgewächse Walnuss
38%
Illegaler, aber immer noch duchgeführter, Brauch um Ehefrauen zu bekommen; bekannt als "Ala Kachuu" Entführung
32%
Beim "Buzkaschi", der Nationalsport von Kirgisistan, versuchen Pferdereiter dieses tote Tier ins Tor zu bringen Ziege oder Kalb
30%
Gebirgskette im Osten von Kirgisistan {Tian} Shan
19%
Währung von Kirgisistan Som
17%
Zweitgrößte Stadt (Tipp: auf Deutsch vier Buchstaben) Osch
16%
Großer Gebirgssee innerhalb von Kirgisistan {Yssyk}köl
14%
Epos über die Entstehung der kirgisischen Völker - angeblich vor über 1'000 Jahren geschrieben und 20 mal länger als die Odyssee von Homer {Manas}-Epos
8%
Keine übereinstimmenden Quizze gefunden
Verteilung der Resultate
Anzahl Personen mit jedem Resultat
Perzentil nach korrekt beantworteten Fragen
Ihre Resultats-Entwicklung
Sie haben dieses Quiz noch nicht gespielt